000 00562nam a2200193Ia 4500
003 OSt
005 20200117150614.0
008 190216s9999||||xx |||||||||||||| ||und||
020 _a8121916976
040 _coclc
082 _a658.8
_bPIL/M
100 _aPillai, R S N
_91189
245 0 _aModern Marketing Principles And Practices /
_cR S N Pillai ; Bagavathi
250 _a2nd ed.
260 _bSulthan Chand And Company,
_c2003.
_aNew Delhi:
300 _a390p
650 _aMarketing
942 _cBK
_2ddc
_h658.8
_iPIL/M
_k658.8
_mPIL/M
999 _c6465
_d6465